000 00515nam a22001937a 4500
003 OSt
005 20220107122747.0
008 140527b xxu||||| |||| 00| 0 eng d
020 _a9781439852613
040 _cIIITM-K
082 _a174.4 KLI/E
100 _aKliem, Ralph L
_95369
245 _aEthics and project management
_cby Ralph L Kliem
260 _aBoca Raton,
_bCRC Press,
_c2012.
300 _axix, 224p.
650 _aPROJECT MANAGEMENT
_95370
650 _aPROFESSIONAL ETHICS
_95371
942 _2ddc
_cBK
999 _c4223
_d4223